000 02289cam a2200385 a 4500
001 14764184
003 OSt
005 20140310182741.0
008 070309s2007 nyu 000 0 eng
010 _a 2007009371
020 _a9780735204225
020 _a0735204225
035 _a(OCoLC)ocm85833350
035 _a(OCoLC)85833350
040 _aDLC
_cDLC
_dDLC
050 0 0 _aHF 5549.5.I6
_b.M318 2007
100 1 _aMatias, Linda.
245 1 0 _aHow to say it :
_bjob interviews /
_cLinda Matias.
250 _a1st ed.
260 _aNew York, NY :
_bPrentice Hall Press,
_c2007.
300 _axvii, 250 p. :
_c20 cm.
504 _aIncludes bibliographical references and index.
505 0 _aYour interview toolkit -- Scoring winning references -- Preparing your thirty-second pitch -- Making a good impression -- Adapting to different interview formats and interviewer styles -- Informational interviews: the fast track to a new job -- Effectively managing traditional interview formats -- Recognizing and adapting to different interviewer styles -- Winning answers to the most common interview questions -- Preparing original answers to typical questions -- Will you fit in? interview questions -- Can you do the job? interview questions -- Off-the-wall interview questions -- Discussing career challenges -- Handling inappropriate questions -- The finish line -- Questions to ask during the interview -- Effective follow-up wins job offers -- Negotiate an attractive compensation package.
521 _aBSBA
562 _e for circulation. 1 copy available in the collection
650 0 _aEmployment interviewing
_vHandbooks, manuals, etc.
650 0 _aJob hunting
_vHandbooks, manuals, etc.
856 4 1 _3Table of contents only
_uhttp://www.loc.gov/catdir/toc/ecip0712/2007009371.html
856 4 2 _3Contributor biographical information
_uhttp://www.loc.gov/catdir/enhancements/fy0743/2007009371-b.html
856 4 2 _3Publisher description
_uhttp://www.loc.gov/catdir/enhancements/fy0743/2007009371-d.html
906 _a7
_bcbc
_corignew
_d1
_eecip
_f20
_gy-gencatlg
942 _2lcc
_cBK
_kFOR
999 _c15567
_d15567